La escuela y el niño
Збережено в:
| Автор: | |
|---|---|
| Формат: | Книга |
| Мова: | Іспанська |
| Опубліковано: |
Barcelona
Luis Miracle
1964
|
| Серія: | Biblioteca práctica de pedagogía, psicología y psicopatología de la infancia, 22
|
| Предмети: | |
| Теги: |
Додати тег
Немає тегів, Будьте першим, хто поставить тег для цього запису!
|
MARC
| LEADER | 00000nam a2200000 a 4500 | ||
|---|---|---|---|
| 001 | UCW7828 | ||
| 003 | CL-VaPUC | ||
| 008 | 930914e19640000SP |||||||||||||||||spa|d | ||
| 082 | 0 | 4 | |a 370.15 |b MED |2 21 |
| 100 | |a Medici, Angela |e autora |9 313054 | ||
| 245 | 1 | 3 | |a La escuela y el niño |
| 300 | |a 168 p | ||
| 942 | |c BK | ||
| 945 | |d 19930914 00:00:00 | ||
| 260 | |a Barcelona |b Luis Miracle |c 1964 | ||
| 650 | 0 | |a Psicología del aprendizaje |9 306854 | |
| 583 | |a last modification |c 19930914 00:00:00 |k Rodrigo Vera | ||
| 490 | 0 | |a Biblioteca práctica de pedagogía, psicología y psicopatología de la infancia, 22 | |
| 999 | |c 220487 |d 220485 | ||
| 952 | |0 0 |1 0 |4 0 |6 370_150000000000000_MED_1964 |7 0 |8 A |9 212786 |a BIBEDU |b BIBEDU |d 2019-11-15 |i 280932K |o 370.15 MED 1964 |p 280932K |r 2019-11-15 |w 2019-11-15 |y BK |k EDU | ||